Estatuas más altas del mundo - Estadísticas

Estadísticas generales
  • Esta prueba ha sido intentada 3 veces
  • La puntuación promedio es 2 de 15
Estadísticas de respuestas
País Estatua % Correcto
India Estatua de la Unidad
100%
China Buda del Templo de Primavera
50%
Japón Awaji Kannon de la Isla Awaji
0%
Japón Dai Kannon
0%
India Estatua de la Creencia
0%
Rusia Estatua de la Madre Patria
0%
Rusia Estatua de Pedro el Grande
0%
China Gran Buda de Ling Shan
0%
Tailandia Gran Buda de Tailandia
0%
China Guanyin de Mil Manos y Mil Ojos
0%
Myanmar Laykyun Setkyar
0%
Filipinas Madre de Toda Asia
0%
Puerto Rico Nacimiento del Nuevo Mundo
0%
Japón Sendai Daikannon
0%
Japón Ushiku Daibutsu
0%
No se encontraron pruebas coincidentes
Distribución de puntuación
Porcentaje de gente con cada puntuación
Porcentaje por número respondido
Historial de tus puntuaciones
No has intentado esta prueba.